Library Banner

Senate of Pakistan Functional Committee on Human Rights(April 21, 2004 to Dec 31,2004)/ (Record no. 101897)

MARC details
000 -LEADER
fixed length control field 00387nam a22001337a 4500
005 - DATE AND TIME OF LATEST TRANSACTION
control field 20180119115915.0
008 - FIXED-LENGTH DATA ELEMENTS--GENERAL INFORMATION
fixed length control field 180119b xxu||||| |||| 00| 0 eng d
040 ## - CATALOGING SOURCE
Transcribing agency PK-LaUMT
082 ## - DEWEY DECIMAL CLASSIFICATION NUMBER
Classification number PKAC 323.4095491
Item number SEN-
245 ## - TITLE STATEMENT
Title Senate of Pakistan Functional Committee on Human Rights(April 21, 2004 to Dec 31,2004)/
260 ## - PUBLICATION, DISTRIBUTION, ETC. (IMPRINT)
Place of publication, distribution, etc Islamabad:
Name of publisher, distributor, etc PILDAT,
Date of publication, distribution, etc 2004
300 ## - PHYSICAL DESCRIPTION
Extent 74
942 ## - ADDED ENTRY ELEMENTS (KOHA)
Koha item type Books
Holdings
Withdrawn status Lost status Damaged status Home library Current library Date acquired Full call number Barcode Date last seen Price effective from Koha item type
      UMT Main Campus UMT Main Campus 2018-01-19 PKAC 323.4095491 SEN- 117804 2018-01-19 2018-01-19 Books